000 00430nam a2200181Ia 4500
001 10291
005 20260306161821.0
008 260306t1950||||xx |||||||||||||| ||spa||
041 _aESP
082 _a917.3
_bE31
100 _aEguiguren, Luis Antonio
_eAUT
245 0 _aHacia el pais de la democracia
260 _c1950
300 _a32 páginas :
_c22 cm.
650 _aGEN
654 _aCHU
942 _cLIB
_dJUS
_fJUS
_2ddc
_n
999 _c10291
_d10291